Reaktivita vápencov vhodných na odsírovanie

Salvato in:
Dettagli Bibliografici
Autore principale: Bartakovicsová, Rebeka (Autore)
Altri autori: Jurišová, Jana (Relatore della tesi)
Natura: Manoscritto Libro
Lingua:slovacco
Pubblicazione: 2019
Soggetti:
Accesso online:http://is.stuba.sk/zp/portal_zp.pl?podrobnosti=151762
Tags: Aggiungi Tag
Nessun Tag, puoi essere il primo ad aggiungerne!!

MARC

LEADER 00000ntm a22000003a 4500
001 stuzp74225
003 SK-STU
005 20190622211548.1
007 ta
008 150427s2015----xo-----f-mn---000-0-slo-d
040 |a STU  |b slo 
041 0 |a slo 
100 1 |a Bartakovicsová, Rebeka  |u 042120  |4 aut  |U FCHPT Ústav anorganickej chémie, technológie a materiálov  |T FCHPT Oddelenie anorganickej technológie  |X 76396  |U C2120  |Y 111  |7 76396 
242 0 1 |a Reactivity of Limestones Suitable for Desulphurisation  |y eng 
245 1 0 |a Reaktivita vápencov vhodných na odsírovanie 
260 |c 2019 
650 4 |a reaktivita  |2 slo 
650 4 |a vápenec  |2 slo 
650 4 |a dymové plyny  |2 slo 
650 4 |a odsírovanie  |2 slo 
650 4 |a energosadrovec  |2 slo 
650 4 |a limestone  |2 eng 
650 4 |a reactivity  |2 eng 
650 4 |a flue gas  |2 eng 
650 4 |a desulphurization process  |2 eng 
650 4 |a FGDG  |2 eng 
700 1 |a Jurišová, Jana  |u 042120  |k Z2  |4 ths  |U FCHPT Ústav anorganickej chémie, technológie a materiálov  |T FCHPT Oddelenie anorganickej technológie  |X 38277  |U C2120  |Y 111  |7 A000038277 
856 4 |u http://is.stuba.sk/zp/portal_zp.pl?podrobnosti=151762